Top 10 languages in the USA - Statistics

General Stats
  • This quiz has been taken 65 times
  • The average score is 8 of 10
Answer Stats
Answer % Correct
English
100%
Spanish
100%
French
95%
Chinese
89%
Portuguese
87%
Arabic
75%
Russian
71%
Korean
62%
Vietnamese
54%
Tagalog
46%
No matching quizzes found
Score Distribution
Percent of People with Each Score
Percentile by Number Answered
Your Score History
You have not taken this quiz